Výkonová elektronika 1

Guardado en:
Detalles Bibliográficos
Autor principal: Kreysa, Karel (Autor)
Formato: Libro
Lenguaje:checo
Publicado: Brno : Vysoké učení technické v Brně, 1986
Edición:1. vyd.
Etiquetas: Agregar Etiqueta
Sin Etiquetas, Sea el primero en etiquetar este registro!

MARC

LEADER 00000nam a22000003a 4500
001 stu25629
005 20150617225745.7
008 980520s1986------------------------cze-d
040 |a STU  |b slo 
041 0 |a cze 
100 1 |a Kreysa, Karel  |4 aut 
245 1 |a Výkonová elektronika 1 
250 |a 1. vyd. 
260 |a Brno :  |b Vysoké učení technické v Brně,  |c 1986 
300 |a 199 s 
996 |b 284ES15257  |c E*S-26065  |l EE01  |s A  |a 24  |w stu25629_0002